| 000 | 00508nam a22001817a 4500 | ||
|---|---|---|---|
| 999 |
_c4097 _d4054 |
||
| 008 | 200618b ||||| |||| 00| j eng d | ||
| 020 | _a9789755704234 | ||
| 041 | _atur | ||
| 050 | _aPL248.E43 | ||
| 100 |
_938 _aEdgü, Ferit |
||
| 245 | _aKaçkınlar : Öykü | ||
| 250 | _a1.Baskı | ||
| 260 |
_aİstanbul: _bSel Yayıncılık, _cEkim 2009 |
||
| 300 | _a85 Sayfa | ||
| 500 | _a1. Baskı : Çan Yayınları, 1959 2.Baskı : Ada Yayınları, 1987 | ||
| 650 | 0 |
_9145 _aTürk Edebiyatı |
|
| 942 |
_2lcc _cBK |
||